[Event "IOM Open-Masters 2017"]
[Site "Douglas"]
[Date "2017.09.29"]
[Round "7"]
[White "Lenderman, Aleksandr"]
[Black "Anand, Viswanathan"]
[Result "1/2-1/2"]
[WhiteElo "2565"]
[BlackElo "2794"]
[Annotator "TA"]
[PlyCount "91"]
[EventDate "2017.??.??"]
[EventType "swiss"]
[EventCountry "GBR"]
[SourceTitle "playchess.com"]
[Source "ChessBase"]
[SourceQuality "1"]

{[%evp 15,91,0,22,18,15,14,26,15,17,12,24,33,35,29,35,33,40,26,27,20,29,10,10,18,23,13,17,0,0,2,13,12,19,12,12,12,12,14,30,12,12,7,7,8,12,7,14,1,9,8,16,16,17,0,18,18,18,18,36,0,0,0,0,0,0,0,18,18,18,18,18,18,18,18,18,18,18,18]} 1. d4 Nf6 2. c4 e6 3. g3 d5 4. Bg2 Bb4+ 5. Nd2 O-O 6. Ngf3 b6 7. O-O Bb7 8. Ne5 Nbd7 9. Qa4 {[#] Threatens to win with Nxd7. E16: Queen's Indian: 4 g3 Bb7 5 Bg2 Bb4+} Bd6 10. Nxd7 Qxd7 11. Qxd7 {White has an edge.} Nxd7 12. cxd5 Bxd5 13. e4 Bb7 14. Rd1 Be7 15. Nc4 Nf6 16. f3 c5 {[#]} 17. Be3 $146 ({Predecessor:} 17. dxc5 Bxc5+ 18. Be3 Bxe3+ 19. Nxe3 Rfd8 20. Rxd8+ Rxd8 21. Rd1 Rxd1+ 22. Nxd1 e5 {½-½ (22) Bluebaum,M (2632)-Yu,Y (2738) Moscow 2017}) 17... cxd4 18. Bxd4 Rfd8 {[#] Hoping for ...Rxd4!} 19. Be3 Ne8 20. a4 Nd6 21. Bf1 Nxc4 22. Bxc4 Rxd1+ 23. Rxd1 {Strongly threatening Rd7.} Rd8 24. Rxd8+ Bxd8 $11 {[%mdl 4096] Endgame KBB-KBB} 25. b4 Bc7 26. b5 Kf8 27. Kf2 Ke7 28. Ke2 f6 29. Kd3 Bc8 30. f4 Bd7 31. h4 h6 32. g4 Bd6 33. Kc3 Bc8 34. Kd3 Bb7 35. h5 e5 36. f5 Kd7 37. Bd5 Bxd5 {The position is equal.} 38. exd5 {KB-KB} Kc7 39. Bd2 Kb7 40. a5 a6 41. Kc4 bxa5 42. Bxa5 axb5+ 43. Kxb5 Be7 44. Bb6 Bf8 45. Be3 Kc7 46. Kc4 {Precision: White = 63%, Black = 68%.} 1/2-1/2

[Event "IOM Open-Masters 2017"]
[Site "Douglas"]
[Date "2017.09.29"]
[Round "7"]
[White "Pichot, Alan"]
[Black "Rathnakaran, K."]
[Result "1-0"]
[WhiteElo "2565"]
[BlackElo "2326"]
[Annotator "TA"]
[PlyCount "97"]
[EventDate "2017.??.??"]
[EventType "swiss"]
[EventCountry "GBR"]
[SourceTitle "playchess.com"]
[Source "ChessBase"]
[SourceQuality "1"]

{[%evp 37,97,44,41,36,37,35,37,27,37,31,59,47,58,62,70,26,58,35,41,33,42,47,46,47,44,41,38,45,40,34,33,27,69,69,69,69,106,53,75,71,92,87,60,79,144,126,236,221,570,562,524,524,1002,943,973,702,29974,29976,29997,29998,29998,29999]} 1. e4 e6 2. d4 d5 3. Nd2 Nf6 4. e5 Nfd7 5. Bd3 c5 6. c3 Nc6 7. Ne2 cxd4 8. cxd4 f6 9. exf6 Nxf6 10. O-O Bd6 11. Nf3 Qc7 12. Bg5 O-O 13. Bh4 Nh5 14. Qc2 h6 15. Bh7+ {C06: French Tarrasch: 3...Nf6 4 e5 Nfd7 5 Bd3 main lines} Kh8 16. Bg6 Rxf3 (16... Nf4 17. Nxf4 Rxf4 18. Bg3 Rxf3 19. gxf3 Qe7 20. Rad1 Bd7 21. Qc3 Rf8 22. Bb1 Kg8 {1-0 (41) Artemiev,V (2653)-Onischuk,V (2615) Martuni 2016}) 17. Bxh5 Bxh2+ 18. Kh1 Rf5 19. Bg6 Bd6 $1 {LiveBook: 31 Games} 20. Bxf5 exf5 21. Rae1 Qf7 {[#] aiming for ...Qh5.} 22. Bg3 Bb4 23. Rd1 $146 g5 24. Be5+ Kg8 25. f4 g4 26. a3 Bf8 27. b4 Bd7 28. Qd2 b5 29. Kg1 a5 {[%cal Ra5b4]} 30. Ra1 Kh7 31. Rfc1 $36 {[%mdl 2048] White has the initiative.} axb4 32. axb4 Bxb4 33. Qb2 Rxa1 34. Rxa1 Bf8 35. Ra6 {[%mdl 1024] White has compensation.} b4 36. Ng3 h5 37. Nf1 (37. Qc2 $16) 37... Be7 ({Of course not} 37... Nxe5 38. fxe5 Be6 39. Qc2 $16) 38. Qc2 Qe8 ({Don't blunder} 38... Nxe5 $2 39. fxe5 Bg5 40. Ra7 $18) 39. Ne3 Qc8 40. Ra1 Bd8 (40... Qg8 $142) 41. Rc1 Qa8 (41... Qa6 $16) 42. Nxf5 $18 {Ne7+ would kill now.} b3 $2 {[#]} (42... Nxe5 {is a better chance.} 43. fxe5 (43. dxe5 b3 $18) 43... Qa4) 43. Qd3 $1 {White wants to mate with Ne7+.} Nxe5 44. fxe5 {Black must now prevent Rf1.} Qa2 45. Ng3+ Kh6 46. Rf1 {White threatens Rf7 and mate.} h4 47. Rf7 {White mates.} Qc2 48. Rh7+ Kg5 49. Qe3+ {Precision: White = 80%, Black = 34%.} 1-0

[Event "IOM Open-Masters 2017"]
[Site "Douglas"]
[Date "2017.09.29"]
[Round "7"]
[White "Wagner, Dennis"]
[Black "Nakamura, Hikaru"]
[Result "0-1"]
[WhiteElo "2564"]
[BlackElo "2781"]
[Annotator "TA"]
[PlyCount "80"]
[EventDate "2017.??.??"]
[EventType "swiss"]
[EventCountry "GBR"]
[SourceTitle "playchess.com"]
[Source "ChessBase"]
[SourceQuality "1"]

{[%evp 17,80,0,19,8,8,8,17,8,8,12,4,3,12,12,2,4,8,0,6,0,0,0,0,-25,-21,-27,0,0,0,0,0,10,4,-7,-7,-8,-3,-28,-22,-26,-29,-133,-102,-164,-85,-104,-104,-123,-118,-210,-183,-250,-268,-480,-222,-220,-227,-222,-138,-171,0,-215,-206,-741,-723]} 1. Nf3 d5 2. g3 Bg4 3. Bg2 c6 4. c4 e6 5. O-O Nd7 6. cxd5 cxd5 7. Nc3 Ngf6 8. d3 Bc5 {A11: English Opening: 1...c6} (8... Bd6 9. Bd2 {½-½ (9) Bachmann,A (2646)-Kuzubov,Y (2637) Chartres 2017}) 9. h3 Bh5 {LiveBook: 3 Games} (9... Bxf3 $5 10. Bxf3 Ne5 $11) 10. e4 dxe4 {The position is equal.} 11. dxe4 O-O 12. Qe2 Bxf3 $146 ({Predecessor:} 12... e5) 13. Bxf3 Ne5 14. Rd1 Qb6 15. Bg2 Bd4 16. Bd2 Rfd8 17. Be1 Nc6 18. Kh2 e5 19. f4 Re8 20. Nb5 exf4 21. gxf4 Be3 22. Bd2 {[#]} Nd5 $1 {[%mdl 512]} 23. Nd6 {Hoping for Qh5.} (23. exd5 Bxf4+) 23... Bxf4+ 24. Bxf4 Nxf4 25. Qf3 $132 {[%mdl 2048] White has counterplay} g5 {White must now prevent ...Nd4.} 26. Nxe8 Rxe8 27. Qg3 h6 28. Rd2 Ne5 29. Rad1 (29. Qc3 $11) 29... Nc4 $1 $17 {[%csl LRb2,LRd2]} 30. Rd7 (30. Rf2 $17 Ne3 31. Rxf4 Nxd1 32. h4) 30... Qxb2 (30... Ne3 $1 $19 {[%cal Re3d1]} 31. R1d6 Qxb2) 31. Rf1 {aiming for Rxf4.} Ne5 ({Much worse is} 31... Nxg2 $6 32. Rf2 $11) (31... Qxg2+ $6 32. Qxg2 Nxg2 33. Rfxf7 $11) 32. Rd6 Neg6 {Threatens to win with ...Rc8.} ({Much weaker is} 32... Nxg2 $6 33. Rf2 $11 (33. Qxg2 Qxg2+ 34. Kxg2 Nc4 $17)) 33. Rf2 {[#]} (33. Qf2 $17 Qb5 34. Bf3) 33... Qe5 $1 $19 {[%cal Re5d6]} 34. Rd7 (34. Rd1 $142) 34... Rc8 35. Rxb7 $2 (35. Rdd2) 35... h5 (35... Rc3 $142 36. Rb5 Qd4) 36. Kh1 Rc3 {[%mdl 1024] Black has strong compensation.} 37. Rf3 Rc2 38. Rf2 Rc3 39. Rf3 $1 {[%cal Rf3c3] [#]} h4 $1 {[%cal Rh4g3]} 40. Qe1 $2 (40. Qg4 Rc1+ 41. Rf1 Rxf1+ 42. Bxf1 Qxe4+ 43. Bg2 Qe1+ 44. Kh2 Nxg2 45. Qxg2 Qe5+ 46. Kg1) 40... Rc2 $1 {[%csl LRa2,LRg2] Precision: White = 46%, Black = 78%.} 0-1

[Event "IOM Open-Masters 2017"]
[Site "Douglas"]
[Date "2017.09.29"]
[Round "7"]
[White "Deac, Bogdan-Daniel"]
[Black "Grandelius, Nils"]
[Result "0-1"]
[WhiteElo "2559"]
[BlackElo "2653"]
[Annotator "TA"]
[PlyCount "116"]
[EventDate "2017.??.??"]
[EventType "swiss"]
[EventCountry "GBR"]
[SourceTitle "playchess.com"]
[Source "ChessBase"]
[SourceQuality "1"]

{[%evp 17,116,10,12,0,10,-4,18,0,12,19,22,-3,-10,-8,-6,0,-1,0,0,0,22,11,17,22,16,0,8,-16,3,0,0,0,0,-7,-5,-50,-47,-50,-51,-58,-55,-67,-64,-101,-101,-104,-104,-105,-94,-120,-105,-118,-114,-178,-168,-176,-181,-183,-145,-164,-160,-150,-160,-169,-81,-97,-83,-174,-200,-188,-173,-166,-156,-200,-201,-536,-523,-507,-488,-567,-559,-1658,-574,-546,-543,-1011,0,-905,-893,-2804,-2429,-1562,-1543,-29971,-29972,-29971,-29972,-29968,-29974,-29958,-652]} 1. d4 Nf6 2. c4 e6 3. Nf3 d5 4. g3 Bb4+ 5. Bd2 Bd6 6. Bg2 {E01: Katalanisch} c6 7. O-O Nbd7 8. b3 Ne4 9. Bc1 O-O {LiveBook: 4 Partien} 10. Ne1 $146 ({Vorgänger:} 10. Qc2 f5 11. Ba3 Bxa3 12. Nxa3 Qe7 {1-0 (70) So,W (2775)-Naroditsky,D (2628) Doha 2015}) 10... Qe7 11. Qc2 e5 12. Bb2 Nef6 13. cxd5 Nxd5 14. a3 exd4 15. Bxd4 Be5 16. Bxe5 Qxe5 17. Ra2 Re8 18. Nd3 Qh5 19. e4 N5f6 20. Nd2 Ne5 21. Nf4 Qh6 22. f3 Nh5 23. Nxh5 Qxh5 24. Qc3 Bh3 25. Nc4 Nxc4 26. bxc4 Qc5+ 27. Rff2 Be6 $36 {[%mdl 2048] Schwarz kämpft um Vorteil.} 28. Bf1 a5 29. a4 Rad8 30. Qa3 Qxa3 $1 31. Rxa3 Rd1 32. Kg2 Rb1 33. Rd2 Kf8 34. f4 g6 {[%cal Bg7g6,Bg6f5][%mdl 32]} 35. f5 (35. c5 $17 {war nötig.}) 35... gxf5 $19 36. Bd3 Rd8 $1 {Weiss muss nun ...fxe4 beachten.} 37. Rf2 Rxd3 38. Rxd3 fxe4 {[%mdl 4096] Endspiel KTT-KTL} 39. Rd8+ Ke7 40. Rd4 f5 (40... Rb4 $1 $19 {ist viel giftiger.} 41. Rxe4 Rxa4) 41. c5 b6 42. Rc2 (42. cxb6 $17 {ist der einzige Weg für Weiss..} c5 43. Rdd2 Rxb6 44. Rf4) 42... Bd5 43. Kf2 Ke6 44. cxb6 Rxb6 45. Rc5 Rb2+ 46. Kf1 $2 (46. Ke3 {ist eine bessere Chance.}) 46... Ke5 47. Rdc4 Rxh2 48. Rxa5 f4 49. Rxc6 {Droht stark gxf4+.} f3 (49... Rh1+ $142 50. Ke2 f3+ 51. Kf2 Rh2+ 52. Kg1 Rg2+ 53. Kh1 e3) 50. Rcc5 Rd2 51. Rc8 Rd1+ 52. Kf2 {[#]} Rd3 $1 53. Ke1 e3 54. Rf8 {[#]} e2 $1 {( -> ...Td1+)} 55. Kf2 Rd1 {[%csl Gd1][%cal Re2e1] Schwarz setzt Matt.} 56. Re8+ Kd4 {[%csl Ge2][%cal Rd1f1]} 57. Rxe2 fxe2 58. Kxe2 Rh1 {Precision: Weiß = 36%, Schwarz = 73%.} (58... Ra1 $142 59. Ra7 Ra2+ 60. Kd1 Ke3 61. Kc1 Be4 62. Re7 Kf3 63. a5 Rxa5 64. Kd2 Bg6 65. Re6 Kxg3 66. Ke3 Rg5 67. Rf6 h5 68. Rf1 Re5+ 69. Kd4 Re4+ 70. Kc5 Rg4 71. Rg1+ Kf2 72. Rc1 h4 73. Rh1 Kg2 74. Re1 h3 75. Re2+ Kg1 76. Re1+ Kf2 77. Rh1 Kg2 78. Rd1 h2 79. Rd2+ Kh3 80. Rd1 Rg1 81. Rd8 Rg5+ 82. Kc6 h1=Q+ 83. Kb6 Qg1+ 84. Kb7 Be4+ 85. Rd5 Rxd5 86. Kc7 Qc5+ 87. Kb7 Rd6+ 88. Kb8 Rd8#) 0-1

[Event "IOM Open-Masters 2017"]
[Site "Douglas"]
[Date "2017.09.29"]
[Round "7"]
[White "Brunello, Sabino"]
[Black "Cornette, Deimante"]
[Result "0-1"]
[WhiteElo "2555"]
[BlackElo "2404"]
[Annotator "TA"]
[PlyCount "86"]
[EventDate "2017.??.??"]
[EventType "swiss"]
[EventCountry "GBR"]
[SourceTitle "playchess.com"]
[Source "ChessBase"]
[SourceQuality "1"]

{[%evp 19,85,16,24,-6,40,41,73,73,57,66,59,56,64,56,79,67,61,38,82,43,19,24,51,9,31,12,27,24,12,-18,27,-22,10,12,37,36,53,34,92,9,9,-53,-52,-234,-142,-240,-230,-223,-69,-89,-102,-116,-105,-112,-96,-116,-54,-197,-191,-206,-174,-631,-637,-836,-815,-29998,-29999,-29999]} 1. e4 c5 2. Nf3 Nc6 3. d4 cxd4 4. Nxd4 e5 5. Nb5 {[%cal Bd4b5,Bb5a3,Ba3c2,Bc2e3][%mdl 32]} d6 6. c4 Be6 7. N1c3 a6 8. Na3 Be7 9. Nc2 Rc8 10. b3 Nf6 {LiveBook: 35 Games} 11. a4 $146 {B32: Sicilian: Löwenthal and Kalashnikov Variations} ({Predecessor:} 11. Be2 O-O 12. Bd2 Nd4 13. O-O Nxe2+ 14. Qxe2 b5 15. Ne3 Qd7 16. Rac1 Qb7 17. Ned5 {½-½ (17) Jakovenko,D (2760)-Bacrot,E (2722) France 2009}) 11... Na5 12. Ne3 b5 13. axb5 {White is better.} axb5 14. Nxb5 Nxe4 {With the idea ...d5!} 15. Bd3 Nc5 16. Bc2 Nc6 17. O-O O-O 18. Ba3 Qb6 19. Nd5 Bxd5 $1 20. Qxd5 Rfd8 21. Rfd1 Bf8 22. h4 Ne7 23. Qf3 d5 $1 24. Bb2 d4 25. b4 ({Of course not} 25. Ra7 d3 $11) 25... Nd7 26. Qd3 {[%csl Gc2][%cal Rd3h7]} Qg6 27. Qe2 Qe6 28. c5 Nf6 (28... Nd5 $14 29. Bb3 N7f6) 29. Nd6 (29. Na7 $1 $16 {[%cal Ra7c8]} Ra8 30. Ra6) 29... Rb8 $1 $11 30. b5 (30. f4 $11) 30... Ng6 $15 31. Ba3 $2 ({White should play} 31. Ne4 $15 Nxe4 32. c6 Nxf2 33. Qxf2) 31... Bxd6 32. cxd6 (32. Bxg6 $17 hxg6 33. cxd6) 32... Nf4 $19 ({Weaker is} 32... Nxh4 33. f4 $17) 33. Qf1 {[#]} Qd5 $2 (33... Qg4 $1 $19 {Threatens to win with ...Ne2+.} 34. Re1 e4) 34. g3 $15 {[#]} Ne6 $1 $36 {[%mdl 2048] Black is on the roll.} 35. Bd3 e4 36. Bc4 Qe5 37. Re1 e3 (37... Qf5 $17 38. Rad1 d3) 38. fxe3 (38. f4 $15 Qf5 39. Rad1) 38... Qxg3+ $19 39. Qg2 Qxh4 {...Ng5 is the strong threat.} 40. Rad1 $2 (40. Qh1 Qg4+ 41. Qg2) 40... Ng5 {Strongly threatening ...Nfe4.} 41. Bf1 Ng4 {( -> ...Nf3+!)} 42. Rxd4 {[#]} Nf3+ $1 {[%mdl 512]} 43. Qxf3 Qh2# {Precision: White = 23%, Black = 36%.} 0-1

[Event "IOM Open-Masters 2017"]
[Site "Douglas"]
[Date "2017.09.29"]
[Round "7"]
[White "Mekhitarian, Krikor Sevag"]
[Black "Woellermann, Jan"]
[Result "0-1"]
[WhiteElo "2534"]
[BlackElo "2384"]
[Annotator "TA"]
[PlyCount "80"]
[EventDate "2017.??.??"]
[EventType "swiss"]
[EventCountry "GBR"]
[SourceTitle "playchess.com"]
[Source "ChessBase"]
[SourceQuality "1"]

{[%evp 21,79,14,20,1,20,10,28,0,9,0,0,-33,-23,-34,-35,-35,-25,-35,-35,-67,-26,-76,-82,-100,-102,-136,-143,-125,-152,-167,-99,-129,-55,-56,-51,-58,-66,-168,-172,-223,-16,-204,-197,-305,-271,-394,-389,-394,-421,-865,0,0,0,0,0,0,0,-29992,-29992,-29999]} 1. d4 Nf6 2. c4 e6 3. Nc3 Bb4 4. Nf3 d5 5. cxd5 exd5 6. Bg5 h6 7. Bh4 Nbd7 {D38: Queen's Gambit Declined: Ragozin Defence (4 Nf3 Bb4)} 8. e3 g5 9. Bg3 Ne4 10. Nd2 Nxg3 11. hxg3 Nb6 {LiveBook: 20 Games} 12. Qc2 Be6 13. a3 {[#]} Be7 $146 ({Predecessor:} 13... Bf8 14. Bd3 c6 15. b4 {1-0 (43) Eljanov,P (2719)-Van Kampen,R (2641) Germany 2015}) 14. O-O-O c6 15. f4 Qc7 16. Nf3 O-O-O 17. Ne5 Bd6 18. Bd3 h5 19. Rdf1 Kb8 20. Kb1 Rdg8 (20... f6 $5 {[%cal Rf6e5]} 21. Ng6 Rh6 $15) 21. Qe2 f6 22. Ng6 Bg4 23. Qc2 Rh6 24. f5 Bxg3 25. e4 Rh7 (25... Re8 $19 26. exd5 Nxd5 27. Nxd5 cxd5) 26. Be2 $17 Re8 (26... Bxe2 $17 27. Qxe2 h4) 27. Bxg4 $15 hxg4 28. Rxh7 Qxh7 29. e5 ({White should try} 29. exd5 $1 $15 cxd5 30. Qd3) 29... fxe5 $19 30. Ne2 (30. Qd3 $142 Bf4 31. dxe5) 30... Bh2 $2 (30... Bf4 $1 $19 {And now ...Nc4 would win.} 31. dxe5 Bxe5 32. Nxe5 Rxe5) 31. f6 $2 (31. Rh1 $1 $11) 31... Qf7 {aiming for ...exd4.} 32. g3 (32. Qf5 $142 exd4 33. Nxd4) 32... exd4 33. Nxd4 (33. Rf2 $142 Nc4 34. Ne7) 33... Bxg3 34. Qf5 Nc4 35. Ne7 (35. Rh1 $142 Nd6 36. Qxg5) 35... Bf4 $2 ({Better is} 35... Nd2+ $19 36. Ka1 Nxf1) 36. Qd7 $11 {Threatens to win with Nexc6+!} Rf8 {[#]} 37. Rxf4 $1 {[%mdl 512]} gxf4 38. Ne6 $1 {[%cal Re6d8] Black must now prevent Nd8.} Qxf6 {[%csl Gc4][%cal Rf6b2] [#]} 39. Qc7+ $2 {[%mdl 8192]} (39. Nxc6+ $1 $11 {[%mdl 512]} bxc6 40. Qc7+ Ka8 41. Qxc6+ Kb8 42. Qc7+ Ka8 43. Qc6+ Kb8 44. Qc7+ Ka8 45. Qc6+) 39... Ka8 {[%csl Gc4][%cal Rf6b2]} 40. Nd8 Qxb2# {Precision: White = 35%, Black = 54%.} 0-1

[Event "IOM Open-Masters 2017"]
[Site "Douglas"]
[Date "2017.09.29"]
[Round "7"]
[White "Harika, Dronavalli"]
[Black "Kramnik, Vladimir"]
[Result "0-1"]
[WhiteElo "2528"]
[BlackElo "2803"]
[Annotator "TA"]
[PlyCount "106"]
[EventDate "2017.??.??"]
[EventType "swiss"]
[EventCountry "GBR"]
[SourceTitle "playchess.com"]
[Source "ChessBase"]
[SourceQuality "1"]

{[%evp 25,106,22,24,0,24,28,17,-24,-23,-26,-11,-62,-54,-58,-56,-84,-88,-114,-130,-126,-118,-108,-125,-108,-115,-113,-133,-129,-127,-118,-120,-116,-112,-149,-143,-156,-149,-163,-173,-166,-161,-136,-158,-189,-184,-183,-184,-368,-366,-379,-396,-395,-381,-397,-382,-371,-375,-372,-387,-407,-404,-451,-442,-453,-418,-717,-714,-701,-687,-1543,-1397,-29973,-29972,-29974,-29976,-29974,-29976,-29984,-29977,-29977,-29978,-29977,-29979]} 1. d4 Nf6 2. c4 c5 3. d5 b5 4. cxb5 a6 5. bxa6 g6 6. Nc3 Bg7 7. g3 d6 8. Bg2 O-O 9. Nf3 Nbd7 10. O-O Nb6 11. e4 Bxa6 12. Re1 Nc4 {A58: Benko/Volga Gambit: Lines with 5 bxa6} 13. Bf1 Nd7 {LiveBook: 7 Games} 14. Nd2 (14. Qc2 Qa5 15. Bxc4 Bxc4 16. Bf4 Bxc3 17. bxc3 Qa6 18. Qd1 {½-½ (47) Xu,Y (2531)-Vidit,S (2658) Tashkent 2016}) 14... Nde5 {The position is equal.} 15. Nxc4 Nxc4 {[#]} 16. Bd3 $146 ({Predecessor:} 16. Bxc4 Bxc4 17. Qc2 Qb6 18. Bf4 e5 19. dxe6 fxe6 20. e5 d5 {½-½ (28) Sanikidze,T (2515)-Hamitevici,V (2429) Montpellier 2015}) 16... Qb6 17. Rb1 Rfb8 18. Na4 (18. b3 $11 Qb4 19. bxc4 (19. Bxc4 Bxc3 20. a3 Qa5 $15) 19... Qxc3 20. Rxb8+ Rxb8 21. Qe2) 18... Qb4 $15 {[%mdl 1024] Threatens to win with ...Ne5. Black has compensation.} 19. Kg2 Ne5 20. Bd2 Qd4 21. Bc2 Nd3 $36 {[%mdl 2048] Black is really pushing.} 22. Re3 Bh6 $1 {[%cal Rh6e3]} 23. Rf3 Bxd2 24. Qxd2 Ne5 $1 ({Not} 24... Qxe4 $2 25. Nc3 $18) 25. Qxd4 cxd4 26. Rb3 Bb5 27. a3 Be2 {And now ...Rc8 would win.} 28. Rxb8+ Rxb8 29. b4 Bf3+ 30. Kf1 Rc8 $1 {[%cal Rc8c2]} 31. Bd1 {Bxf3 is the strong threat.} Bxe4 32. Ra1 Nc4 $1 ({Weaker is} 32... Bxd5 33. Nb6 $11) 33. Ke1 Bxd5 34. Be2 {[#]} Be4 $1 35. f3 Ne3 36. fxe4 $2 (36. Nb6 Rc6 37. fxe4 Nc2+ 38. Kd2 Nxa1 39. Nc4) 36... Nc2+ $19 37. Kd2 Nxa1 {[%mdl 4096] Endgame KRN-KBN} 38. Bd1 f5 39. exf5 gxf5 40. Nb6 {[#]} Rb8 $1 {[%cal Rb8b6]} 41. Nc4 Kf7 42. g4 Kf6 43. gxf5 Kxf5 44. Bf3 Kf4 45. Bd5 (45. Bc6 $142 e5 46. Kd3) 45... e5 46. Kd3 Rc8 47. a4 {[#]} e4+ $1 48. Bxe4 {[#]} Rxc4 $1 {[%mdl 512] Black mates.} 49. Kxc4 Kxe4 {KN-K3P} 50. a5 Nc2 51. b5 Na3+ 52. Kb4 {[#]} Nxb5 $1 53. Kxb5 d3 {Precision: White = 53%, Black = 88%.} 0-1

[Event "IOM Open-Masters 2017"]
[Site "Douglas"]
[Date "2017.09.29"]
[Round "7"]
[White "Perelshteyn, Eugene"]
[Black "Howell, David W L"]
[Result "0-1"]
[WhiteElo "2524"]
[BlackElo "2701"]
[Annotator "TA"]
[PlyCount "106"]
[EventDate "2017.??.??"]
[EventType "swiss"]
[EventCountry "GBR"]
[SourceTitle "playchess.com"]
[Source "ChessBase"]
[SourceQuality "1"]

{[%evp 17,106,37,67,51,60,46,70,70,68,62,81,72,73,76,74,75,68,70,73,79,75,33,39,15,14,15,18,22,29,39,52,14,31,18,27,0,28,14,27,0,0,0,0,0,0,0,29,9,46,20,23,11,156,29,33,26,31,38,41,22,66,60,72,41,41,48,52,41,86,88,93,74,80,60,622,-346,-328,-965,0,-965,-943,-4834,-4827,-4827,-4827,-4827,-4827,-4818,0,-1425,-711]} 1. d4 Nf6 2. c4 e6 3. Nf3 b6 4. a3 Bb7 5. Nc3 g6 6. Qc2 Bg7 7. e4 d6 8. Be2 {E12: Queen's Indian: Unusual White 4th moves, 4 a3, 4 Nc3 Bb7 5 a3 and 4 Nc3 Bb7} O-O 9. O-O Nbd7 {LiveBook: 19 Games} 10. Rd1 {White is slightly better.} a6 11. h3 h6 $146 ({Predecessor:} 11... Qe7 12. Rb1 c5 13. e5 Ne8 14. Bg5 f6 15. exf6 Bxf6 16. Bh6 Bg7 17. Bg5 Bf6 18. Bh6 Bg7 19. Bg5 {½-½ (19) Gozzoli,Y (2430)-Baklan,V (2606) Guingamp 2004}) 12. Be3 Qe7 13. b4 Rfd8 14. Rab1 Rab8 15. d5 Re8 16. Nd4 exd5 17. exd5 Ne4 18. Nxe4 Qxe4 19. Qxe4 (19. Bd3 {keeps more tension.} Qh4 20. Nf3 Qd8 21. Qd2 h5 22. Nd4) 19... Rxe4 20. Rb3 Ra8 21. f3 Re7 22. Kf2 a5 23. Nb5 Nf6 24. g4 Ne8 25. Nd4 Nf6 26. Nb5 Ne8 27. h4 Bc8 28. Nd4 {And now Nc6 would win.} Bd7 29. Nc6 Bxc6 $1 30. dxc6 axb4 31. axb4 Nf6 32. Rdd3 Ra4 33. g5 hxg5 34. hxg5 Nh7 (34... Nh5 $11 {remains equal.}) 35. f4 (35. c5 $1 $16 {[%cal Rc5b6]} bxc5 36. bxc5) 35... Nf8 $1 $11 36. Bf3 Ne6 37. Bd5 Re8 38. Kf3 Kf8 39. Kg4 Ke7 40. Bd2 Rea8 41. Re3 Ra1 42. Be1 Bd4 43. Re4 Rd1 44. Rh3 {Strongly threatening Rh7.} Raa1 45. Bg3 Ra3 $2 {[%mdl 8192]} (45... Bg7 $14) 46. Rh7 $4 {[%mdl 8192] [#]} (46. Bxe6 $1 $18 {was the only winning move.} fxe6 47. Rh7+ Kf8 48. Rxe6 (48. Rxc7 $2 Rg1 $19)) 46... Rg1 $1 $19 {[%cal Rg1g3]} 47. Bxe6 $2 (47. Rxe6+ Kd8 48. Bf3 fxe6 49. Rh1) 47... Rgxg3+ 48. Kh4 {[#]} Kd8 $1 {( -> ...Rh3+!)} 49. f5 Rh3+ 50. Kg4 Rag3+ 51. Kf4 Rf3+ 52. Kg4 Rfg3+ (52... Rhg3+ $142 53. Kh4 Rh3+ 54. Kg4 Rfg3+ 55. Kf4 Be5+ 56. Rxe5 dxe5+ 57. Kxe5 Rxh7 58. fxg6 Rxg5+ 59. Kf4 Rxg6) 53. Kf4 {Threatens to win with Rxh3.} Be5+ {Precision: White = 41%, Black = 57%.} 0-1